Qui est cette personne ? - (version peinture de portrait) - Statistiques

Statistiques générales
  • Ce quiz a été pris 237 fois
  • Le résultat moyen est 6 sur 16
Statistiques - réponses
Par images Réponse % Correct
Frida Kahlo
94%
Ludwig Van Beethoven
83%
Elisabeth d’Autriche (Sissi)
62%
William Shakespeare
57%
Victoria (Reine)
50%
Marie (Vierge)
48%
Confucius
40%
Marie Stuart (Ire)
29%
Soliman Le Magnifique
29%
Jan Van Eyck
25%
Michel-Ange
25%
Rembrandt
25%
George Sand
17%
Marco Polo
16%
Elisabeth Tudor (Ire)
15%
Thomas Jefferson
13%
Aucun quiz correspondant
Distribution des résultats
% des personnes avec chaque résultat
Percentile par nombre de réponses
Votre historique - résultats
Vous n’avez pas pris ce quiz